Psicomotricidad vivenciada: una estrategia educativa para trabajar en el aula
Zapisane w:
| Główni autorzy: | , |
|---|---|
| Format: | Książka |
| Język: | hiszpański |
| Wydane: |
Talca
Universidad Católica del Maule
1999
|
| Hasła przedmiotowe: | |
| Etykiety: |
Dodaj etykietę
Nie ma etykietki, Dołącz pierwszą etykiete!
|
MARC
| LEADER | 00000nam a2200000 a 4500 | ||
|---|---|---|---|
| 001 | UCP5759 | ||
| 003 | CL-VaPUC | ||
| 008 | 990927e19990600CL |||||||||||||||||spa|d | ||
| 082 | 0 | 4 | |a 370.155 |b VAL |2 21 |
| 100 | 0 | |a Valdés Arriagada, Marcelo |e author |9 434341 | |
| 700 | 0 | |a Rodríguez Torres, María |e author |9 434342 | |
| 245 | 1 | 0 | |a Psicomotricidad vivenciada: una estrategia educativa para trabajar en el aula |
| 300 | |a 93 p | ||
| 942 | |c BK | ||
| 945 | |d 19990927 00:00:00 |a cmena | ||
| 260 | |a Talca |b Universidad Católica del Maule |c 1999 | ||
| 650 | 7 | |a PSICOMOTRICIDAD |2 CL-VaPUC |9 241072 | |
| 650 | 0 | |a Evaluación de la educación |9 237505 | |
| 650 | 0 | |a Psicología educacional |9 307830 | |
| 650 | 0 | |a Creatividad |9 310816 | |
| 650 | 7 | |a ESTIMULACION |2 CL-VaPUC |9 388004 | |
| 583 | |a last modification |c 19990927 00:00:00 |k Rodrigo Vera | ||
| 999 | |c 283427 |d 283425 | ||
| 952 | |0 0 |1 0 |4 0 |6 370_155000000000000_VAL_1999 |7 0 |8 A |9 326595 |a BIBGIM |b BIBGIM |d 2019-11-20 |i 3561461 |o 370.155 VAL 1999 |p 3561461 |r 2025-01-15 |w 2019-11-20 |y BK |k GIM | ||